Statistics for Horses

Click here to take the quiz!

General Stats

  • This quiz has been taken 17 times
  • The average score is 3 of 7

Answer Stats

QuestionAnswer% Correct
What breed is native to americaMustang
94%
What breed is native to spainAndalusian
56%
What breed is native to norwayFjord
50%
What breed is native to AustraliaBrumby
44%
What breed is used in harness racingStandardbred
31%
What breed is native to New zealandKaimanawa
25%
What other breed is native to spainLipizzaner
6%

Score Distribution

Percentile by Number Answered

Percent of People with Each Score

Your Score History

You have not taken this quiz